| 000 | 00415cam a2200181 4500 | ||
|---|---|---|---|
| 001 | D2378 | ||
| 008 | 090401t1975 xxu||||| |||| 00| 0 eng d | ||
| 035 | _a(Sirsi) u68839 | ||
| 041 | _aeng | ||
| 050 | _a720.28 | ||
| 100 | _aChing, Frank | ||
| 245 | _aArchitectural graphics | ||
| 260 |
_aLondon _bArchitectural Press _c1975 |
||
| 300 | _a128p. ill. 22cm | ||
| 350 | _a5.5 | ||
| 942 | _n0 | ||
| 948 | _c04/03/1997 | ||
| 999 |
_c95138 _d95138 |
||